01694nam a2200421 a 4500001001200000003000800012006001900020007001500039008004100054010001700095020003100112020002800143040002100171035002100192043002100213050002400234082002300258100002000281245010400301250001200405260004300417300001900460490003200479504006600511533015200577600005900729600003200788600003100820650004600851651004900897651005300946651005300999655002901052710001701081830002901098856012601127999001901253ebr10194142CaPaEBRm u cr cn|||||||||061108s2007 nyua sb 001 0deng  z 2006052780 z9781403980731 (alk. paper) z140398073X (alk. paper) aCaPaEBRcCaPaEBR a(OCoLC)567827775 an-us---ae-uk---14aE806b.R7255 2007eb04a327.730409/0442221 aRofe, J. Simon.10aFranklin Roosevelt's foreign policy and the Welles missionh[electronic resource] /cJ. Simon Rofe. a1st ed. aNew York :bPalgrave Macmillan,c2007. a270 p. :bill.1 aThe world of the Roosevelts aIncludes bibliographical references (p. [243]-255) and index. aElectronic reproduction.bPalo Alto, Calif. :cebrary,d2013.nAvailable via World Wide Web.nAccess may be limited to ebrary affiliated libraries.10aRoosevelt, Franklin D.q(Franklin Delano),d1882-1945.10aWelles, Sumner,d1892-1961.10aHull, Cordell,d1871-1955. 0aWorld War, 1939-1945xDiplomatic history. 0aUnited StatesxForeign relationsy1933-1945. 0aUnited StatesxForeign relationszGreat Britain. 0aGreat BritainxForeign relationszUnited States. 7aElectronic books.2local2 aebrary, Inc. 0aWorld of the Roosevelts.40uhttp://site.ebrary.com/lib/rucke/Doc?id=10194142zAn electronic book accessible through the World Wide Web; click to view c221299d221299